000 01578cam a22001814a 4500
005 20250605164357.0
008 250528s ||||||||||||||||||||||||d
035 _a24365
040 _aGR-AtMCL
_bgre
_dGR-AtMCL
_eAACR2
245 1 _aΔημιουργικό Εργαστήρι / Κατασκευάζω - Παίζω - Δημιουργώ
260 _bΔίπτυχο,
_c2014
300 _a60
520 _aΣτεφάνι για την Πρωτομαγιά, Ανοιξιάτικη Κάρτα για Ευχές με Τουλίπες, Κουτί μηνυμάτων Βατραχάκι, Κάρτα Τσαντάκι για τη Γιορτή της Μητέρας, Κάρτα Cup Cakes για τη Γιορτή της Μητέρας, Καρφίτσα για τη Γιορτή της Μητέρας, Κάρτα Πουκάμισο για τη Γιορτή του Πατέρα, Ένα Κάδρο για τη Γιορτή του Πατέρα, Καλοκαιρινή Κάρτα, Παγωτό Ξυλάκι Φράουλα-Βανίλια, Κάρτα Κοχύλι, Κάρτα Αστερίας ή Ψάρι σε Βυθό, Κάρτα Ριγέ-Φάκελος, Φινιστρίνι Βυθός, Φάλαινα από Χάρτινα Πιάτα, Καλοκαιρινό Ψαράκι, Μανταλάκι-Καρχαρίας, Παγωτό Χωνάκι, Μπρελόκ από Πηλό, Κάβουρας από Κοχύλι, Καλοκαιρινό Καλαθάκι με Ντεκουπάζ.
700 1 _aLimos Anna
_99440
942 _cCR
999 _c9253
_d9253